期刊信息 |
| 索取号 |
C5/NJSHF
|
| 题名 |
内江师范学院学报
|
| 作者 |
内江师范学院学报编辑部
|
| 分册号 |
|
| 分册名 |
|
| 出版地 |
内江
|
| 出版者 |
内江师范学院学报编辑部
|
| 标准刊号 |
1671-1785
|
| 出版频率 |
双月刊
|
| 中图法分类 |
C5
|
| 主题词 |
社会科学 丛书; 社会科学 文集; 社会科学 连续出版物
|
| 电子资源 | |
| |
|
| 000 | 00674nas0 2200205 45 | |
| 001 | 0760524843 | |
| 005 | 20070712165032.01 | |
| 011 | @a1671-1785@dCNY4.00(2002) | |
| 100 | @a20070712d km y0chiy0120 ea | |
| 101 | 0 | @achi |
| 200 | 1 | @a内江师范学院学报@ANei Jiang Shi Fan Xue Yuan Xue Bao@f内江师范学院学报编辑部@FNei Jiang Shi Fan Xue Yuan Xue Bao Bian Ji Bu |
| 210 | @a内江@c内江师范学院学报编辑部 | |
| 326 | @a双月刊 | |
| 606 | 0 | @a社会科学@x丛书 |
| 606 | 0 | @a社会科学@x文集 |
| 606 | 0 | @a社会科学@x连续出版物 |
| 690 | @aC5@v4 | |
| 711 | 02 | @a内江师范学院学报编辑部@ANei Jiang Shi Fan Xue Yuan Xue Bao Bian Ji Bu |
| 801 | 0 | @aCN@bPFT@c20070712 |
| 905 | @aTJWY@dC5@eNJSHF | |
| 内江师范学院学报/内江师范学院学报编辑部.-内江:内江师范学院学报编辑部 |
| ISSN 1671-1785:CNY4.00(2002) |
| ● |
| 相关链接: |
|
|
|
|